000 00376cam a2200145ua 4500
003 OSt
008 240325b |||||||| |||| 00| 0 eng d
041 _amal
082 _a894.812 2
_bSRI/MA
100 _aSreekantan, Nair .
_96181
245 _aManyathayude mara /
260 _aKottayam :
_bSahitya Pravarthaka Co-operative Society ,
_c1961.
300 _a143 ; .
942 _cBK
999 _c975
_d975